|
|
|
|
| LEADER |
01917nam a22004215i 4500 |
| 001 |
978-1-4419-1145-2 |
| 003 |
DE-He213 |
| 005 |
20150519181631.0 |
| 007 |
cr nn 008mamaa |
| 008 |
100728s2009 xxu| s |||| 0|eng d |
| 020 |
|
|
|a 9781441911452
|9 978-1-4419-1145-2
|
| 024 |
7 |
|
|a 10.1007/978-1-4419-1145-2
|2 doi
|
| 040 |
|
|
|d GrThAP
|
| 050 |
|
4 |
|a R-RZ
|
| 072 |
|
7 |
|a MBGR
|2 bicssc
|
| 072 |
|
7 |
|a MED000000
|2 bisacsh
|
| 082 |
0 |
4 |
|a 610
|2 23
|
| 245 |
1 |
0 |
|a APC Proteins
|h [electronic resource] /
|c edited by Inke S. Näthke, Brooke M. McCartney.
|
| 264 |
|
1 |
|a New York, NY :
|b Springer New York,
|c 2009.
|
| 300 |
|
|
|b online resource.
|
| 336 |
|
|
|a text
|b txt
|2 rdacontent
|
| 337 |
|
|
|a computer
|b c
|2 rdamedia
|
| 338 |
|
|
|a online resource
|b cr
|2 rdacarrier
|
| 347 |
|
|
|a text file
|b PDF
|2 rda
|
| 490 |
1 |
|
|a Advances in Experimental Medicine and Biology,
|x 0065-2598 ;
|v 656
|
| 505 |
0 |
|
|a APC and ?-Catenin Degradation -- Nuclear APC -- APC in Cell Migration -- The APC-EB1 Interaction -- The Role of APC in Mitosis and in Chromosome Instability -- Role of APC and Its Binding Partners in Regulating Microtubules in Mitosis -- The Adenomatous Polyposis Coli Tumor Suppressor and Wnt Signaling in the Regulation of Apoptosis -- APC and Its Modifiers in Colon Cancer -- Tissue-Specific Tumour Suppression byAPC -- Extra-Colonic Manifestations of Familial Adenomatous Polyposis Coli.
|
| 650 |
|
0 |
|a Medicine.
|
| 650 |
1 |
4 |
|a Biomedicine.
|
| 650 |
2 |
4 |
|a Biomedicine general.
|
| 700 |
1 |
|
|a Näthke, Inke S.
|e editor.
|
| 700 |
1 |
|
|a McCartney, Brooke M.
|e editor.
|
| 710 |
2 |
|
|a SpringerLink (Online service)
|
| 773 |
0 |
|
|t Springer eBooks
|
| 776 |
0 |
8 |
|i Printed edition:
|z 9781441911445
|
| 830 |
|
0 |
|a Advances in Experimental Medicine and Biology,
|x 0065-2598 ;
|v 656
|
| 856 |
4 |
0 |
|u http://dx.doi.org/10.1007/978-1-4419-1145-2
|z Full Text via HEAL-Link
|
| 912 |
|
|
|a ZDB-2-SBL
|
| 950 |
|
|
|a Biomedical and Life Sciences (Springer-11642)
|